000 00559nam a2200181 i 4500
001 163266
003 ES-MaACL
005 20250718062547.0
008 050713s1860 fr |||| | fre d
100 1 _aRenan, Ernest,
_d1823-1892
_996168
245 1 0 _aEssais de morale et de critique /
_cpar Ernest Renan.
250 _a2e éd.
260 _aParis :
_bMichel Lévy Frères,
_c1860 (
_fImp. Simon Raçon et Comp.)
300 _aXIX, 456 p. ;
_c21 cm.
650 7 _aÉtica
_2embne
_912577
852 _aES-MaACL
_jF-9175
_z- Enc. hol.
999 _c163266
_d163266